Autour des drapeaux - Statistiques

Statistiques générales
  • Ce quiz a été pris 27 fois
  • Le résultat moyen est 29 sur 50
Statistiques - réponses
Questions Réponses % Correct
Citez un des pays n'ayant que deux couleurs sur son drapeau Afghanistan | Albanie | Arabie saoudite | Autriche | Bahreïn | Bangladesh | Canada | Chine | Danemark | Honduras | Macédoine | Micronésie | Finlande | Grèce | Israël | Japon | Kazakhstan | Lettonie | Maroc | Monaco | Pakistan | Pologne | Qatar | Suède | Suisse | Tunisie | Turquie | Ukraine | Vietnam | Singapour | Somalie
100%
Citez un des pays n'ayant que trois couleurs sur son drapeau Algérie | Allemagne | Angola | Arménie | Australie | Bahamas | Belgique | Bénin | Bolivie | Bosnie-Herzégovine | Botswana | Bulgarie | Burkina Faso | Burundi | Cameroun | Colombie | Estonie | Etats-Unis | France | Guinée | Italie | Irlande | Kosovo | Liberia | Lituanie | Luxembourg | Mali | Népal | Norvège | Pays-Bas | Royaume-Uni | Russie | Sénégal | Slovaquie
100%
Citez un des pays ayant un drapeau avec un objet astronomique Brésil | Antigua-et-Barbuda | Argentine | Bangladesh | Costa Rica | Japon | Kazahstan | Kiribati | Kirghizistan | Moldavie | Mongolie | Namibie | Népal | Niger | Philippines | Rwanda | Uruguay | Laos | Palaos
100%
Citez un des pays ayant un drapeau tricolore exclusivement bleu, blanc et rouge France | Australie | Cambodge | Chili | Corée-du-Nord | Costa Rica | Cuba | Etats-Unis | Islande | Laos | Liberia | Luxembourg | Pays-Bas | Népal | Norvège | Panama | Tchéquie | Royaume-Uni | Russie | Slovaquie | Thaïlande
100%
Citez un des pays ayant un drapeau carré Vatican | Suisse
100%
Citez un des pays dont le drapeau a des proportions de 2/3, c'est-à-dire que sa hauteur correspond aux 2/3 de sa largeur Afrique-du-Sud | Algérie | Angola | Antigua-et-Barbuda | Arabie saoudite | Autriche | Barbade | Belize | Bénin | Bhoutan | Birmanie | Botswana | Burkina Faso | Cameroun | Chili | Chine | Colombie | Corée-du-sud | Côte d'ivoire | Djibouti | Egypte | Equateur | Espagne | France | Gambie | Géorgie | Ghana | Grèce | Guinée | Guinée équatoriale | Inde | Indonésie | Irak | Italie | Japon | Kenya | Laos | Lesotho | Liban | Madagascar | Malawi | Maldives | Mali | Malte | Maroc | Maurice | Mauritanie | Mozambique | Namibie | Ouganda | Pakistan | Panama | Pays-Bas | Pérou | Portugal | Centrafrique | République dominicaine | Congo | Tchéquie | Roumanie | Russie | Rwanda | Saint-Christophe-et-Niévès | Saint-Vincent-et-les-Grenadines | Sénégal | Serbie | Sierre Leone | Singapour | Slovaquie | Somalie | Suriname | Eswatini | Syrie | Tanzanie | Tchad | Thaïlande | Tunisie | Turkménistan | Turquie | Ukraine | Uruguay | Venezula | Vietnam | Yémen | Zambie | Taïwan
95%
Quel pays a le seul drapeau national qui n'est ni carré ni rectangulaire Népal
95%
Citez un des pays dont le drapeau a un rapport de 2, c'est-à-dire qu'il est deux fois plus large que haut Afghanistan | Arménie | Australie | Azerbaïdjan | Bahamas | Biélorussie | Bosnie-Herzégovine | Brunei | Canada | Corée-du-Nord | Croatie | Cuba | Dominique | Emirats arabes unis | Erythrée | Ethiopie | Fidji | Guinée-Bissau | Honduras | Hongrie | Irlande | Jamaïque | Jordanie | Kazakhstan | Kiribati | Koweït | Lettonie | Libye | Malaisie | Luxembourg | Macédoine | Malaisie | Moldavie | Mongolie | Monténégro | Nauru | Nigeria | Nouvelle-Zélande | Oman | Ouzbékistan | Philippines | Sainte-Lucie | Salomon | Samoa | Sao Tomé et Principe | Seychelles | Slovénie | Soudan | Sri Lanka | Tadjikistan | Timor oriental | Tonga | Tuvalu | Zimbabwe
90%
Citez un des pays ayant un drapeau avec une ou des étoile(s) Etats-Unis | Grenade | Comores | Cap vert | Marshall | Nauru | Azerbaïdjan | Guinée-Bissau | RD Congo | Timor oriental | Algérie | Mauritanie | Ouzbékistan | Pakistan | Turkménistan | Tunisie | Turquie | Israël | Ethiopie | Maroc | Ghana | Sao Tomé et Principe | Honduras | Panama | Dominique | Sénégal | Afghanistan | Djibouti | Corée-du-Nord | Nouvelle-Zélande | Zimbabwe | Australie | Bosnie-Herzégovine | Brésil | Chili | Costa Rica | Cuba | Kosovo | Liberia | Libye | Micronésie | Birmanie | Papouasie-Nouvelle-Guinée | Saint-Christophe-et-Niévès | Samoa | Singapour | Somalie | Salomon | Togo | Venezuela | Angola | Bolivie | Burkina Faso | Cameroun | Centrafrique | Chine | Grenade | Mozambique | Paraguay | Philippines | Suriname | Tadjikistan | Soudan-du-Sud | Tuvalu | Vietnam | Burundi | Croatie | Guinée équatoriale | Slovénie | Jordanie | Moldavie
86%
Citez un des pays ayant un drapeau à trois bandes horizontales ou verticales blanc et rouge sans autre couleur ni ornement Indonésie | Monaco | Singapour | Pologne | Malte | Canada | Pérou | Autriche | Lettonie
81%
Citez un des pays dont le drapeau a des proportions de 3/5, c'est-à-dire que sa hauteur correspond aux 3/5e de sa largeur Allemagne | Bahreïn | Bulgarie | Burundi | Comores | Costa Rica | Grenade | Guyana | Haïti | Kirghizistan | Liechtenstein | Lituanie | Nicaragua | Royaume-Uni | Trinité-et-Tobago
76%
Citez un des pays ayant un drapeau inspiré de celui de la France Costa Rica | Côte d'ivoire | Irlande | Italie | Tchad | Roumanie
76%
Citez un des pays dont le drapeau a des proportions de 10/19, c'est-à-dire que sa hauteur correspond aux 10/19e de sa largeur Etats-Unis | Liberia | Marshall | Micronésie
76%
Citez un des pays ayant six couleurs sur son drapeau Afrique-du-sud | Andorre | Croatie | Dominique | Paraguay | Portugal | Soudan-du-sud
71%
Citez un des pays ayant un drapeau avec un croissant et une étoile (musulmans ou non) Algérie | Azerbaïdjan | Comores | Libye | Malaisie | Mauritanie | Ouzbékistan | Pakistan | Turkménistan | Tunisie | Turquie | Singapour
71%
Citez un des pays dont le drapeau a des proportions de 5/8, c'est-à-dire que sa hauteur correspond aux 5/8e de sa largeur Argentine | Guatemala | Palaos | Pologne | Suède
71%
Citez un des pays ayant un drapeau inspiré de celui de l'Argentine Nicaragua | Honduras | Salvador | Guatemala | Uruguay
71%
Citez un des pays ayant un drapeau intégrant le drapeau britannique Australie | Nouvelle-Zélande | Tuvalu | Fidji
67%
Citez un des pays ayant cinq couleurs sur son drapeau Guyana | Monténégro | Mozambique | Namibie | Ouganda | Serbie | Seychelles
67%
Citez un des pays ayant un drapeau à trois bandes verticales bleu, jaune et rouge Roumanie | Tchad | Andorre | Moldavie
67%
Citez un des pays n'ayant que quatre couleurs sur son drapeau Egypte | Ethiopie | Inde | Liechtenstein | Slovénie | Sri Lanka | Soudan | Suriname | Syrie | Togo
62%
Citez un des pays dont le drapeau a des proportions de 7/10 ou 7/11, c'est-à-dire que sa hauteur correspond aux 7/10e ou aux 7/11e de sa largeur Andorre | Brésil | Estonie
57%
Citez un des pays dont le drapeau a des proportions de 3/4, c'est-à-dire que sa hauteur correspond aux 3/4 de sa largeur Gabon | Papouasie-Nouvelle-Guinée | Saint-Marin | RD Congo
57%
Citez un des pays ayant un drapeau inspiré de celui des Etats-Unis Liberia | Malaisie
57%
Quel pays a un drapeau ayant des proportions de 4/5, c'est-à-dire que sa hauteur correspond aux 4/5e de sa largeur Monaco
57%
Citez un des pays ayant un drapeau avec une croix grecque Danemark | Norvège | Suède | Finlande | Islande
52%
Quel pays a un drapeau ayant des proportions de 4/7, c'est-à-dire que sa hauteur correspond aux 4/7e de sa largeur Mexique
52%
Citez un des pays ayant un drapeau avec un avers et un revers différent Paraguay | Moldavie | Philippines
52%
Le drapeau le plus allongé, 2, 54 fois plus large que haut appartient à l'/au Qatar
52%
Citez un des pays ayant un drapeau avec un croissant seul Brunei | Maldives
48%
Citez un des drapeaux dont la taille est changeante Cap-vert | Luxembourg | Iran | Danemark
48%
Citez un des pays ayant sept couleurs sur son drapeau Fidji | Haïti
48%
Citez un des pays ayant un drapeau tricolore essentiellement vert, blanc et bleu Lesotho | Sierra Leone | Ouzbékistan
48%
Quel pays a un drapeau ayant des proportions de 13/15, c'est-à-dire que sa hauteur correspond aux 13/15e de sa largeur Belgique
43%
Citez un des pays ayant 19 couleurs sur son drapeau Belize
38%
Quel pays a un drapeau ayant des proportions de 15/22, c'est-à-dire que sa hauteur correspond aux 15/22e de sa largeur Bolivie
38%
Citez un des pays ayant huit couleurs sur son drapeau Guatemala | Guinée équatoriale
38%
Quel pays a un drapeau ayant des proportions de 18/25, c'est-à-dire que sa hauteur correspond aux 18/25e de sa largeur Islande
38%
Citez un des pays dont le drapeau a des proportions de 8/11, c'est-à-dire que sa hauteur correspond aux 8/11e de sa largeur Israël | Norvège
38%
Quel pays a un drapeau ayant des proportions de 11/20, c'est-à-dire que sa hauteur correspond aux 11/20e de sa largeur Paraguay
38%
Quel pays a un drapeau ayant des proportions de 11/18, c'est-à-dire que sa hauteur correspond aux 11/18e de sa largeur Finlande
33%
Citez un des pays dont le drapeau a des proportions de 5/7, c'est-à-dire que sa hauteur correspond aux 5/7e de sa largeur Albanie | Kosovo
29%
Citez un des pays ayant 43 couleurs sur son drapeau Equateur
29%
Comment se nomme l'étude des couleurs représentés sur un morceau de toile ? Vexillologie
29%
Quel pays a un drapeau dont le rapport largeur/hauteur correspond au nombre d'or Togo
24%
Quel pays a un drapeau ayant des proportions de 19/36, c'est-à-dire que sa hauteur correspond aux 19/36e de sa largeur Vanuatu
24%
Quel pays a un drapeau ayant des proportions de 16/25, c'est-à-dire que sa hauteur correspond aux 16/25e de sa largeur Cambodge
19%
Quel pays a un drapeau ayant des proportions de 6/7, c'est-à-dire que sa hauteur correspond aux 6/7e de sa largeur Niger
19%
Quel pays a un drapeau ayant des proportions de 189/335, c'est-à-dire que sa hauteur correspond aux 189/335e de sa largeur Salvador
19%
Quel mot emploie-t-on pour désigner les couleurs d'un pays ? Drapeau | Pavillon
14%
Aucun quiz correspondant
Distribution des résultats
% des personnes avec chaque résultat
Percentile par nombre de réponses
Votre historique - résultats
Vous n’avez pas pris ce quiz